<?xml version="1.0" encoding="UTF-8"?>
<collection xmlns="http://www.loc.gov/MARC21/slim">
 <record>
  <leader>01384nam a2200217Ia 4500</leader>
  <controlfield tag="001">TDMU_41277</controlfield>
  <controlfield tag="008">210410s9999    xx            000 0 und d</controlfield>
  <datafield tag="082" ind1=" " ind2=" ">
   <subfield code="a">833.912</subfield>
  </datafield>
  <datafield tag="090" ind1=" " ind2=" ">
   <subfield code="b">D506</subfield>
  </datafield>
  <datafield tag="100" ind1=" " ind2=" ">
   <subfield code="a">Drucker, Peter F</subfield>
  </datafield>
  <datafield tag="245" ind1=" " ind2="0">
   <subfield code="a">Quản trị trong thời khủng hoảng</subfield>
  </datafield>
  <datafield tag="245" ind1=" " ind2="0">
   <subfield code="c">Peter F. Drucker; Hải Ninh (dịch)</subfield>
  </datafield>
  <datafield tag="260" ind1=" " ind2=" ">
   <subfield code="a">H.</subfield>
  </datafield>
  <datafield tag="260" ind1=" " ind2=" ">
   <subfield code="b">Công thương ; Công ty Sách Alpha</subfield>
  </datafield>
  <datafield tag="260" ind1=" " ind2=" ">
   <subfield code="c">2020</subfield>
  </datafield>
  <datafield tag="300" ind1=" " ind2=" ">
   <subfield code="a">302tr.</subfield>
  </datafield>
  <datafield tag="520" ind1=" " ind2=" ">
   <subfield code="a">Cuốn sách tập trung hoàn toàn vào các hành động, chiến lược và cơ hội, những điều các nhà quản trị có thể làm, nên làm và phải làm trong những thời kỳ biến động, khủng hoảng. Trong cuốn sách này, Peter F. Drucker trả lời một cách chính xác và rõ ràng 3 câu hỏi: Làm thế nào để lập ra những chiến lược, chính sách phù hợp Làm thế nào doanh nghiệp vượt qua được cơn khủng hoảng â€œbệnh tửâ€?; Và làm thế nào để hùng mạnh hơn sau khủng hoảng??;</subfield>
  </datafield>
  <datafield tag="650" ind1=" " ind2=" ">
   <subfield code="a">Doanh nghiệp</subfield>
   <subfield code="x">Khủng hoảng</subfield>
   <subfield code="x">Quản trị</subfield>
  </datafield>
  <datafield tag="700" ind1=" " ind2=" ">
   <subfield code="a">Hải Ninh</subfield>
  </datafield>
  <datafield tag="856" ind1=" " ind2=" ">
   <subfield code="u">http://lrc.tdmu.edu.vn/opac/search/detail.asp?aID=2&amp;ID=41277</subfield>
  </datafield>
  <datafield tag="980" ind1=" " ind2=" ">
   <subfield code="a">Trung tâm Học liệu Trường Đại học Thủ Dầu Một</subfield>
  </datafield>
 </record>
</collection>
